KOHA-Header-6

Explaining Physics (Record no. 7172)

000 -LEADER
fixed length control field 00249nam a2200109Ia 4500
100 ## - MAIN ENTRY--AUTHOR NAME
Personal name Pople, GCSE
245 #0 - TITLE STATEMENT
Title Explaining Physics
260 ## - PUBLICATION, DISTRIBUTION, ETC. (IMPRINT)
Place of publication London
Name of publisher Macmillan
Year of publication 1997
300 ## - PHYSICAL DESCRIPTION
Number of Pages 384
942 ## - ADDED ENTRY ELEMENTS (KOHA)
Koha item type Books
Holdings
Withdrawn status Lost status Collection code Permanent Location Current Location Shelving location Date acquired Full call number Accession Number Koha item type
    Physics MAJU MAJU Shelf No.B31 2019-09-12 530 885 Physics

Powered by Koha